[Event "10th LCC GCT Finals 2018"]
[Site "London"]
[Date "2018.12.15"]
[Round "2.1"]
[White "Nakamura, Hikaru"]
[Black "Vachier-Lagrave, Maxime"]
[Result "1/2-1/2"]
[WhiteElo "2746"]
[BlackElo "2781"]
[Annotator "TA"]
[PlyCount "100"]
[EventDate "2018.12.11"]
[EventType "k.o."]
[EventCountry "ENG"]
[SourceTitle "playchess.com"]
[Source "ChessBase"]
[SourceQuality "1"]

{[%evp 26,100,0,2,0,0,19,0,0,0,0,0,0,0,0,0,0,0,0,0,0,-27,-27,-28,-19,-10,-9,-14,-9,-43,-49,-81,-81,-73,-68,-100,-97,-109,-102,-82,-88,-147,-65,-68,-43,-38,-38,-113,-106,-158,-35,-56,-30,-30,-30,-30,-30,-30,-18,-16,-16,-17,-15,-16,-15,-15,-15,-15,-15,-15,0,0,0,-20,0,0,0]} 1. d4 Nf6 2. c4 g6 3. Nc3 d5 4. cxd5 Nxd5 5. e4 Nxc3 6. bxc3 Bg7 7. Bc4 c5 8. Ne2 Nc6 9. Be3 O-O 10. O-O b6 11. Rc1 {D87: Exchange Grünfeld: Classical Line: Variations without ...cxd4} (11. dxc5 Qc7 12. Nd4 Ne5 13. Nb5 Qb8 14. Be2 bxc5 15. Rb1 a6 16. Na3 Qc7 17. f4 Rd8 18. Qc2 Ng4 19. Bxg4 Bxg4 {1-0 (38) Karjakin,S (2782)-Vachier Lagrave,M (2789) Stavanger 2018}) 11... Bb7 12. Qd2 e6 13. Rfd1 Rc8 14. f3 {LiveBook: 3 Games} cxd4 15. cxd4 Qd6 16. Bh6 Bxh6 17. Qxh6 Na5 18. Bd3 Rxc1 19. Qxc1 {[#]} Rc8 $146 20. Qd2 e5 21. d5 Nc4 22. Bxc4 Rxc4 23. Qe3 Rc2 24. a3 Ba6 $36 {[%mdl 2048] Black has some pressure.} 25. Ng3 Qc5 26. Qxc5 Rxc5 $11 {[%mdl 4096] Endgame KRB-KRN} 27. d6 Rc8 28. a4 Bc4 29. a5 bxa5 30. d7 Rd8 31. Rc1 Be6 32. Ra1 Rxd7 33. Rxa5 ({White should play} 33. Nf1) 33... f6 (33... Rd1+ $17 34. Kf2 Rd2+ 35. Kg1 Ra2 36. Rxe5 a5) 34. Nf1 Rd1 35. Kf2 $1 {[#]} a6 $1 {[%mdl 512]} 36. Ne3 (36. g4 $15) (36. Rxa6 Rxf1+) 36... Rd2+ $17 37. Kg1 (37. Kg3 $142) 37... Rd6 ({Black should try} 37... Ra2 $17 38. Rc5 h5) 38. h4 Kf7 39. g4 Bd7 40. g5 Bb5 41. Kf2 Ke6 {Strongly threatening ...Rd2+.} 42. gxf6 {The position is equal.} Kxf6 43. Nd5+ Kf7 44. Nc7 Rb6 45. Ke3 h6 46. Kf2 h5 47. Kg3 Be2 48. Kf2 Bb5 49. Kg3 Be2 50. Kf2 Bb5 {Accuracy: White = 71%, Black = 64%.} 1/2-1/2

[Event "10th LCC GCT Finals 2018"]
[Site "London"]
[Date "2018.12.16"]
[Round "2.2"]
[White "Vachier-Lagrave, Maxime"]
[Black "Nakamura, Hikaru"]
[Result "1/2-1/2"]
[WhiteElo "2781"]
[BlackElo "2746"]
[Annotator "TA"]
[PlyCount "105"]
[EventDate "2018.12.11"]
[EventType "k.o."]
[EventCountry "ENG"]
[SourceTitle "playchess.com"]
[Source "ChessBase"]
[SourceQuality "1"]

{[%evp 28,105,7,0,0,0,0,-11,0,-10,0,0,0,0,0,0,0,0,0,0,33,33,41,43,40,47,46,32,31,39,47,47,47,47,30,40,45,45,57,39,47,39,39,33,45,0,8,0,0,0,0,0,0,0,0,0,0,0,0,0,0,0,0,0,0,0,0,0,0,0,0,0,0,0,0,0,0,0,0,0]} 1. e4 e5 2. Nf3 Nc6 3. Bb5 Nf6 4. O-O Nxe4 5. d4 Nd6 6. Bxc6 dxc6 7. dxe5 Nf5 8. Qxd8+ Kxd8 9. h3 Ke8 10. Nc3 h5 {C67: Ruy Lopez: Berlin Defence: 4 0-0 Nxe4} 11. Bf4 Be7 12. Rad1 Be6 13. Ng5 Rh6 14. Rfe1 Bb4 15. a3 {LiveBook: 4 Games} Bxc3 16. bxc3 {[#]} h4 $146 ({Predecessor:} 16... Rg6 17. Kh2 Ne7 18. Nxe6 Rxe6 {1-0 (79) Karjakin,S (2773)-Nakamura,H (2777) Saint Louis 2018}) 17. Ne4 Rg6 18. g4 {aiming for Bg5.} hxg3 $1 19. fxg3 Bd5 {[#] ...Bxe4 is the strong threat.} 20. g4 Bxe4 21. Rxe4 Ne7 22. e6 f5 23. Re5 Nd5 24. Rxf5 Nxf4 25. Rxf4 Rxe6 $14 {[%mdl 4096] Endgame KRR-KRR} 26. Rdf1 {[#] Hoping for Rf8+.} Kd7 $1 27. Rf7+ Re7 28. h4 Rh8 29. h5 Ke8 30. Rxe7+ Kxe7 {KR-KR} 31. Kg2 g6 32. hxg6 {And now Rf7+ would win.} Rg8 33. Rf7+ Ke6 34. Rxc7 {Threatens to win with g7.} Rxg6 35. Kg3 Rg5 36. Kh4 Rc5 {The position is equal.} 37. g5 Rxc3 38. g6 {Black must now prevent g7.} Rxc2 39. Kg5 Rg2+ 40. Kh6 Rh2+ 41. Kg7 Ra2 42. Kf8 ({But not} 42. Rxb7 $6 Rxa3 43. Kh8 Rg3 $16) 42... Rxa3 43. Rxb7 Rf3+ 44. Rf7 Rb3 45. Rc7 Rb8+ 46. Kg7 Kd5 47. Rxa7 c5 48. Kf7 c4 49. g7 c3 50. Rc7 Kd4 51. Rxc3 Kxc3 52. g8=Q Rxg8 53. Kxg8 {Accuracy: White = 74%, Black = 88%.} 1/2-1/2

[Event "10th LCC GCT Finals 2018"]
[Site "London"]
[Date "2018.12.16"]
[Round "2.2"]
[White "Aronian, Levon"]
[Black "Caruana, Fabiano"]
[Result "1/2-1/2"]
[WhiteElo "2765"]
[BlackElo "2832"]
[Annotator "TA"]
[PlyCount "41"]
[EventDate "2018.12.11"]
[EventType "k.o."]
[EventCountry "ENG"]
[SourceTitle "playchess.com"]
[Source "ChessBase"]
[SourceQuality "1"]

{[%evp 19,41,12,14,6,14,35,20,24,20,25,36,0,0,0,14,14,20,6,4,0,23,0,23,0]} 1. e4 e5 2. Nf3 Nf6 3. Nxe5 d6 4. Nf3 Nxe4 5. Nc3 Nxc3 6. dxc3 Be7 7. Be3 O-O 8. Qd2 {C42: Petroff Defence: 3 Nxe5 and unusual White 3rd moves} Nd7 9. O-O-O c6 10. Kb1 (10. h4 d5 11. Kb1 Re8 12. Bd3 Bc5 13. Rde1 Bxe3 14. Rxe3 Rxe3 15. Qxe3 Nf6 {½-½ (28) Aronian,L (2780)-Caruana,F (2827) Batumi 2018}) 10... d5 {LiveBook: 17 Games} 11. Bd3 Nc5 12. h4 Nxd3 13. Qxd3 Qd6 {[#]} 14. c4 $146 ({Predecessor:} 14. Rde1 Re8 15. Ng5 Qg6 16. Qxg6 hxg6 17. Bc5 Be6 18. Nxe6 fxe6 {½-½ (40) Krivic,D (2520)-Moll,R (2622) ICCF email 2013}) 14... Rd8 15. cxd5 (15. c5 {keeps more tension.} Qg6 16. Qc3 h5 17. Ne5 Qh7 18. Bd4) 15... Qxd5 16. Qxd5 cxd5 17. Nd4 Bd7 18. Nb3 Bf5 19. Nd4 Bd7 20. Nb3 Bf5 21. Nd4 1/2-1/2

[Event "10th LCC GCT Finals 2018"]
[Site "London"]
[Date "2018.12.17"]
[Round "2.3"]
[White "Vachier-Lagrave, Maxime"]
[Black "Nakamura, Hikaru"]
[Result "1/2-1/2"]
[WhiteElo "2781"]
[BlackElo "2746"]
[Annotator "TA"]
[PlyCount "65"]
[EventDate "2018.12.11"]
[EventType "k.o."]
[EventCountry "ENG"]
[SourceTitle "playchess.com"]
[Source "ChessBase"]
[SourceQuality "1"]

{[%evp 23,65,0,0,0,5,0,0,0,0,0,0,0,0,0,0,0,0,0,0,-38,0,0,0,-12,0,-14,-2,-2,-2,-2,-4,-5,-3,-14,0,0,0,0,0,0,0,0,0,0]} 1. e4 e5 2. Nf3 Nc6 3. Bb5 Nf6 4. O-O Nxe4 5. d4 Nd6 6. Bxc6 dxc6 7. dxe5 Nf5 8. Qxd8+ Kxd8 9. h3 Ke8 10. Nc3 h5 {C67: Ruy Lopez: Berlin Defence: 4 0-0 Nxe4} 11. Ne2 b6 12. Bg5 c5 {LiveBook: 5 Games} 13. Nc3 Bb7 {[#]} 14. Rfd1 $146 {[#] Black must now prevent Nb5.} ({Predecessor:} 14. Rad1 Bxf3 15. gxf3 c6 16. Ne4 Be7 17. f4 Bxg5 18. fxg5 {½-½ (47) Grischuk,A (2750)-Giri,A (2778) London 2015}) 14... Bxf3 15. gxf3 {Strongly threatening Nd5.} c6 16. Rd3 Be7 17. Ne4 Rd8 18. Rad1 Rxd3 19. Rxd3 Bxg5 20. Nxg5 $11 {[%mdl 4096] Endgame KRN-KRN} Ke7 21. Kf1 h4 22. f4 {The position is equal.} f6 23. Ne4 Ke6 24. Nd6 Ne7 25. f5+ Nxf5 26. Nxf5 Kxf5 27. exf6 gxf6 {KR-KR} 28. Rd7 Ra8 29. Rc7 Rd8 {...Rd2 is the strong threat.} 30. Ke2 Re8+ 31. Kf1 Rd8 {Hoping for ...Rd2.} 32. Ke2 Re8+ 33. Kf1 {Accuracy: White = 65%, Black = 62%.} 1/2-1/2

[Event "10th LCC GCT Finals 2018"]
[Site "London"]
[Date "2018.12.17"]
[Round "2.3"]
[White "Aronian, Levon"]
[Black "Caruana, Fabiano"]
[Result "1/2-1/2"]
[WhiteElo "2765"]
[BlackElo "2832"]
[Annotator "TA"]
[PlyCount "92"]
[EventDate "2018.12.11"]
[EventType "k.o."]
[EventCountry "ENG"]
[SourceTitle "playchess.com"]
[Source "ChessBase"]
[SourceQuality "1"]

{[%evp 20,92,32,35,64,64,52,51,52,64,58,58,43,46,43,41,64,44,43,70,52,55,40,65,37,35,47,39,39,40,51,42,60,41,54,52,50,46,40,39,30,31,54,47,29,39,110,39,45,21,18,18,18,18,21,0,0,0,0,0,0,0,0,0,0,0,0,0,0,0,0,0,0,0,0]} 1. d4 Nf6 2. c4 e6 3. Nf3 d5 4. Nc3 Be7 5. Bf4 O-O 6. e3 c5 7. dxc5 Bxc5 8. Qc2 Nc6 9. Rd1 Qa5 10. a3 Rd8 {D37: Queen's Gambit Declined: 5 Bf4} 11. Nd2 {LiveBook: 10 Games} (11. Be2 Ne4 12. O-O Nxc3 13. bxc3 h6 14. a4 Ne7 15. Ne5 Bd6 16. cxd5 Nxd5 17. Bf3 Nxf4 18. exf4 Bxe5 19. Rxd8+ Qxd8 20. fxe5 {½-½ (49) Carlsen,M (2835)-Caruana,F (2832) London 2018}) 11... d4 12. Nb3 Qb6 {White is slightly better.} 13. Na4 $1 {[%csl LRb6,LRc5][%mdl 64] [#] Double Attack} Bb4+ $1 14. axb4 Qxb4+ 15. Nd2 Qa5 16. Qb3 e5 17. Bg5 {Hoping for Bxf6.} Nb4 $1 18. Be2 {[#] aiming for 0-0.} Bd7 $146 {[%cal Rd7a4]} 19. Bxf6 gxf6 20. Ra1 dxe3 21. fxe3 {Black must now prevent 0-0.} b5 22. O-O bxa4 23. Qc3 {And now Ne4 would win.} f5 24. Nf3 {[%mdl 1024] White has compensation.} f6 25. Nh4 Nc6 26. Qa3 e4 27. Bd1 $36 {[%mdl 2048] White has good play.} Ne5 28. Bxa4 Qxa4 29. Qxa4 Bxa4 30. Rxa4 f4 31. Rxf4 Rd1+ $1 32. Rf1 Rxf1+ $1 33. Kxf1 $14 {[%mdl 4096] Endgame KRN-KRN} Rb8 34. b4 Nxc4 {The position is equal.} 35. Nf5 Rb5 36. g4 h5 37. h3 (37. Rxa7 {is interesting.} hxg4 38. Nh6+ Kf8 39. Rf7+ Ke8 40. Rxf6 Nxe3+ 41. Kf2) 37... hxg4 38. hxg4 Ne5 39. Rxa7 Rxb4 40. Kg2 Rb1 41. Re7 Rb2+ 42. Kh3 Rf2 43. Re8+ Kh7 44. Re7+ Kg8 45. Re8+ Kh7 46. Re7+ Kg8 {Accuracy: White = 82%, Black = 90%.} 1/2-1/2

[Event "10th LCC GCT Finals 2018"]
[Site "London"]
[Date "2018.12.17"]
[Round "2.4"]
[White "Caruana, Fabiano"]
[Black "Aronian, Levon"]
[Result "1-0"]
[WhiteElo "2832"]
[BlackElo "2765"]
[Annotator "TA"]
[PlyCount "105"]
[EventDate "2018.12.11"]
[EventType "k.o."]
[EventCountry "ENG"]
[SourceTitle "playchess.com"]
[Source "ChessBase"]
[SourceQuality "1"]

{[%evp 17,105,14,12,7,6,10,13,19,9,16,30,6,3,0,4,4,4,2,7,7,10,8,37,36,51,40,52,50,75,82,73,81,100,91,91,77,109,111,92,67,62,34,34,33,43,44,44,8,31,0,0,0,0,0,0,0,0,0,125,115,139,128,112,112,225,225,192,216,218,197,161,135,135,135,135,136,136,136,137,153,5196,5093,5093,2413,29940,5159,29958,12835,29966,29949]} 1. e4 e5 2. Nf3 Nc6 3. Bb5 Nf6 4. d3 Bc5 5. c3 d5 6. exd5 {C65: Ruy Lopez: Berlin Defence (3...Nf6), unusual lines and 4 0-0 Bc5} (6. Nbd2 O-O 7. O-O dxe4 8. dxe4 a5 9. a4 Qe7 10. h3 Ne8 11. Re1 Nd6 12. Bd3 Be6 13. Nf1 {0-1 (36) Caruana,F (2816)-Aronian,L (2764) Leuven 2018}) 6... Qxd5 7. Bc4 (7. Qb3 O-O 8. O-O Qd6 9. Nbd2 Be6 10. Qa4 Ne7 11. Ne4 Nxe4 12. Qxe4 Ng6 13. Bc4 {½-½ (34) Vachier Lagrave,M (2780)-Eljanov,P (2703) Batumi 2018}) 7... Qd6 8. b4 Bb6 9. Nbd2 O-O {LiveBook: 7 Games} 10. a4 Bf5 11. Ba3 {Threatens to win with b5.} e4 $1 {[%cal Re4f3]} ({Avoid the trap} 11... Bxd3 $2 12. b5 $18) 12. dxe4 Nxe4 13. Nxe4 Bxe4 14. Qxd6 cxd6 $146 15. O-O-O Rac8 $132 {[%mdl 2048] Hoping for ...Ne5. Black is not keeping still} 16. Bd5 Bxd5 17. Rxd5 Ne5 18. Nxe5 dxe5 19. Kb2 Bxf2 {aiming for ...e4.} 20. Rxe5 Bh4 21. Rd1 $1 Bf6 22. Re3 Rc7 23. b5 Rfc8 {[%cal Rf6c3]} 24. Bb4 h5 25. Kb3 b6 26. Rdd3 g6 27. Re4 Bg7 28. Rde3 f5 29. Re8+ (29. Re6 {feels hotter.} g5 30. Rg6 g4 31. Rg5 f4 32. Re2) 29... Rxe8 30. Rxe8+ $14 {[%mdl 4096] Endgame KRB-KRB} Kf7 31. Ra8 g5 32. c4 {And now Bd6 would win.} Be5 33. h3 g4 34. a5 f4 {...f3 is the strong threat.} 35. hxg4 hxg4 36. Rf8+ Ke6 37. Bd2 f3 (37... Rf7 $11 38. Rxf7 Kxf7) 38. gxf3 $16 g3 39. axb6 $1 axb6 40. Be3 $1 Rd7 (40... Rb7 $16 {was worth a try.}) 41. Re8+ $18 ({Much less strong is} 41. Bxb6 $6 Rd3+ 42. Ka4 g2 $16) 41... Kf5 42. Bxb6 Rd3+ {[#]} 43. Kb4 $1 Rxf3 44. Rf8+ Ke4 {[#]} 45. Rxf3 $1 Kxf3 $16 {KB-KB} 46. Bg1 Kg2 47. Bc5 {Black must now prevent b6.} Kf3 {intending ...g2.} 48. b6 {[%cal Bb5b6,Bb6b7][%mdl 32] Strongly threatening Kb5.} Ke4 $2 (48... g2 $16 49. Bg1 Ke2) 49. b7 $18 g2 50. Kb5 (50. Bg1 $142 Kf5 51. Kb5) 50... Bf4 51. Bg1 Bg3 52. Kc6 Be5 53. Kd7 {Precision: White = 87%, Black = 43%.} 1-0

[Event "10th LCC GCT Finals 2018"]
[Site "London"]
[Date "2018.12.17"]
[Round "2.4"]
[White "Nakamura, Hikaru"]
[Black "Vachier-Lagrave, Maxime"]
[Result "1/2-1/2"]
[WhiteElo "2746"]
[BlackElo "2781"]
[Annotator "TA"]
[PlyCount "121"]
[EventDate "2018.12.11"]
[EventType "k.o."]
[EventCountry "ENG"]
[SourceTitle "playchess.com"]
[Source "ChessBase"]
[SourceQuality "1"]

{[%evp 18,121,32,20,35,30,33,32,19,19,38,-8,-5,-6,-10,-8,0,0,0,0,0,0,41,45,64,67,60,64,64,72,77,80,96,104,104,110,111,65,55,41,60,71,61,68,56,0,68,0,57,55,69,85,83,0,63,0,70,73,74,72,95,95,100,89,110,86,79,85,111,102,104,104,103,103,103,103,114,104,110,40,29,0,110,0,50,15,15,15,45,0,0,0,0,0,0,0,0,0,0,0,0,0,0,0,0,0]} 1. Nf3 c5 2. c4 Nf6 3. Nc3 d5 4. cxd5 Nxd5 5. e3 Nxc3 6. bxc3 g6 7. Bb5+ Bd7 8. Be2 Bg7 9. O-O O-O 10. d4 {LiveBook: 12 Games} Bc6 {A34: Symmetrical English: 2 Nc3, lines with ...d5} 11. Ba3 cxd4 $146 ({Predecessor:} 11... b6 12. dxc5 Bxc3 13. Rc1 Bf6 14. Qb3 Qd7 15. Bb2 Bd5 16. Qa3 Nc6 17. Rfd1 Qe6 18. Bxf6 exf6 {½-½ (28) Fressinet,L (2702)-Nepomniachtchi,I (2705) Baku 2015}) 12. cxd4 Re8 {White is slightly better.} 13. Ne5 Qa5 14. Qb3 Bxe5 15. dxe5 Qxe5 16. Bc4 Rf8 17. f4 $36 {[%mdl 2048] White has the initiative.} Qe4 {[%csl Gc6][%cal Re4g2] [#]} 18. Rf2 Nd7 19. Rd1 b5 (19... Qf5 {looks sharper.} 20. Bxe7 Rfe8 21. Bg5 Nb6 22. Bd3 Be4) 20. Be2 Qa4 21. Qxa4 bxa4 22. Rc1 Bd5 23. Ba6 Rab8 24. Rd2 Be6 25. Bxe7 Rfe8 {[#]} 26. Bd6 $1 {[%cal Rd6b8]} Rb6 27. Bf1 Bf5 28. Bc7 Rb7 29. Ba6 Rb4 30. Ba5 Rbb8 31. Bc7 {Threatens to win with e4.} Rb4 32. Ba5 Rbb8 33. h3 h5 34. Bc7 Rb4 35. Ba5 Rbb8 36. Bc7 Rb4 37. Bd6 Rb6 38. Bc8 Nf6 {White must now prevent ...Ne4.} 39. Bxf5 gxf5 40. Be5 Ne4 41. Rd7 a6 42. Bd4 Rbb8 43. Rc6 Re6 44. Rcc7 Rf8 45. Rd5 Ng3 46. Kf2 h4 47. Kf3 a3 48. Rdd7 (48. Ra5 $16) 48... Ne4 $14 49. Rd5 ({Better is} 49. Rc2 $11) 49... Ng3 $16 50. Rdd7 ({White should play} 50. Ra5 $16) 50... Ne4 $14 51. Ke2 Rg6 52. Kf1 Rb8 53. Rb7 Rc8 {( -> ...Rc1+). The position is equal.} 54. Rdc7 Rc6 55. Rxc6 Rxc6 $11 {[%mdl 4096] Endgame KRB-KRN} 56. Rb8+ Kh7 57. Rh8+ Kg6 58. Rg8+ Kh6 59. Rh8+ Kg6 60. Rg8+ Kh6 61. Rh8+ {Accuracy: White = 70%, Black = 64%.} 1/2-1/2

[Event "10th LCC GCT Finals 2018"]
[Site "London"]
[Date "2018.12.17"]
[Round "2.5"]
[White "Vachier-Lagrave, Maxime"]
[Black "Nakamura, Hikaru"]
[Result "1/2-1/2"]
[WhiteElo "2781"]
[BlackElo "2746"]
[Annotator "TA"]
[PlyCount "121"]
[EventDate "2018.12.11"]
[EventType "k.o."]
[EventCountry "ENG"]
[SourceTitle "playchess.com"]
[Source "ChessBase"]
[SourceQuality "1"]

{[%evp 15,121,12,8,-9,0,0,6,-7,-13,-11,-12,-12,0,0,0,0,8,5,12,-14,0,0,17,-19,15,14,16,16,10,8,18,16,25,19,30,22,28,0,0,-102,15,15,15,15,23,15,25,16,89,89,89,89,89,90,89,88,88,88,88,88,88,90,104,104,104,104,104,91,91,91,91,91,91,90,90,90,90,90,90,90,90,90,90,89,89,89,89,89,89,89,89,89,89,89,89,89,89,89,89,89,89,89,89,0,89,0,89,89]} 1. c4 Nf6 2. Nc3 e6 3. Nf3 d5 4. e3 Be7 5. Be2 (5. b3 O-O 6. Bb2 c5 7. cxd5 Nxd5 8. h4 b6 9. Qb1 h6 10. g4 Bb7 11. Rh3 Nd7 12. g5 h5 13. Bd3 Nb4 14. Bh7+ Kh8 15. Be4 Nd5 {1-0 (24) Nepomniachtchi,I (2768)-Bacrot,E (2678) Batumi 2018}) 5... O-O 6. O-O {A17: English Opening: 1...Nf6 with ...Bb4} c5 7. cxd5 Nxd5 8. Qc2 Nc6 {LiveBook: 4 Games} 9. b3 Nxc3 $146 (9... Ncb4 {is interesting.} 10. Qb1 b6 11. Bb2 Bb7 12. Rd1 Nc6) ({Predecessor:} 9... b6 10. Bb2 Bb7 11. Rac1 Rc8 12. Qb1 Bf6 {0-1 (61) Mazi,L (2361)-Antal,G (2546) Aschach 2016}) 10. dxc3 b6 11. Rd1 Qc7 12. e4 Bb7 13. g3 Rad8 14. Bf4 Qc8 15. h4 Rxd1+ 16. Rxd1 Rd8 17. e5 Rxd1+ 18. Qxd1 Bd8 19. Bd3 h6 20. Be4 Bc7 21. Qd3 Ne7 22. h5 Bc6 23. c4 Qa8 24. Bxc6 Qxc6 25. g4 Qa8 26. Kg2 g5 27. Qd7 (27. hxg6 $11 Nxg6 28. Kg3) 27... Qd8 (27... Nc6 $1 $17 {[%cal Rc6d4]} 28. Kg1 Nb4) 28. Qxd8+ $11 Bxd8 {[%mdl 4096] Endgame KBN-KBN} 29. Bd2 Nc6 30. Bc3 Bc7 31. Kf1 f6 (31... Nb4 $11 {keeps the balance.}) 32. exf6 $16 Kf7 33. Ke2 e5 34. Kd3 Kxf6 35. Ke4 Ke6 36. Nd2 Nb8 37. Kd3 Nd7 38. Ne4 Nf6 39. Nxf6 $1 Kxf6 {KB-KB} 40. Ke4 {Kd5 is the strong threat.} Ke6 41. b4 Bd6 42. b5 Bc7 43. a4 {[%cal Ba2a4,Ba4a5][%mdl 32]} Bd6 44. a5 Bc7 45. a6 Bd6 46. Bd2 Be7 47. Ba5 Bd8 (47... bxa5 $2 48. b6 $1 $18 {[%mdl 512]}) 48. Bc3 Bc7 49. f3 Bd6 50. Be1 Bb8 51. Bd2 {Strongly threatening Bxg5.} Bd6 52. Be3 Be7 53. Bc1 Bd6 54. Bd2 Be7 55. Ba5 {Black must now prevent Bxb6!} Bd8 ({Don't go for} 55... bxa5 $2 {[#]} 56. b6 $1 $18 {[%mdl 512]}) 56. Be1 Be7 57. Bf2 Bd6 58. Bg3 Bc7 59. Be1 (59. Ke3 $16) 59... Bd6 (59... Bb8 $11 {remains equal.}) 60. Bd2 Be7 61. Be3 {Accuracy: White = 72%, Black = 55%.} 1/2-1/2

[Event "10th LCC GCT Finals 2018"]
[Site "London"]
[Date "2018.12.17"]
[Round "2.5"]
[White "Aronian, Levon"]
[Black "Caruana, Fabiano"]
[Result "1-0"]
[WhiteElo "2765"]
[BlackElo "2832"]
[Annotator "TA"]
[PlyCount "151"]
[EventDate "2018.12.11"]
[EventType "k.o."]
[EventCountry "ENG"]
[SourceTitle "playchess.com"]
[Source "ChessBase"]
[SourceQuality "1"]

{[%evp 10,151,12,17,60,53,45,54,64,62,108,111,133,129,145,78,130,58,64,70,67,36,44,43,48,41,47,47,35,17,11,0,14,18,14,0,12,0,0,0,0,0,0,0,38,39,79,0,8,15,25,0,0,0,0,0,0,0,0,0,0,0,14,12,7,12,8,0,0,0,0,0,24,11,29,0,29,29,25,29,34,39,266,269,281,273,373,369,353,338,587,802,781,748,748,696,870,824,827,814,953,898,1663,882,720,709,817,997,917,934,959,910,875,708,868,917,679,0,154,0,154,162,171,0,171,171,171,171,171,0,1596,0,0,0,0,8,29959,29960,5921,4870,29978,29979,29979,29979]} 1. d4 Nf6 2. Bf4 d5 3. e3 c5 4. c3 Nc6 5. Nd2 Qb6 6. Qb3 {LiveBook: 170 Games. D00: 1 d4 d5: Unusual lines} Nh5 $146 ({Predecessor:} 6... c4 7. Qc2 Nh5 8. Bg5 h6 9. Bh4 g5 10. Be2 Ng7 11. Bg3 Bf5 12. Qc1 e6 {1-0 (41) Carlsen,M (2832)-So,W (2812) Leuven 2017}) 7. Qxb6 axb6 8. Bc7 {White is slightly better.} cxd4 9. exd4 e5 10. Bxe5 ({But not} 10. dxe5 $6 Bc5 $11) ({Much worse is} 10. Bxb6 exd4 11. Ne2 d3 $14) 10... Nxe5 11. dxe5 Bc5 12. g3 (12. Bb5+ $142 Bd7 13. Bxd7+ Kxd7 14. Ne2) 12... O-O (12... f6 $142) 13. Be2 (13. Bg2 $16) 13... g6 $14 14. Bxh5 gxh5 15. Ngf3 f6 16. b4 Be7 17. e6 Bxe6 18. Nd4 Bd7 19. N2b3 f5 20. f4 Bf6 21. Kd2 Rfe8 22. Rhe1 Re4 23. h4 Kf7 24. Re3 Ra3 25. Nc2 Ra8 26. Nbd4 Kg6 27. Rd3 Rae8 28. Re1 (28. a4 $16) 28... Rxe1 29. Nxe1 Ra8 30. Ndc2 Rxa2 31. Rxd5 Bc6 32. Rd6 Kf7 33. Rd3 Ke6 34. Kc1 Be4 35. Re3 $1 Kd6 36. Kb1 Ra8 37. Kb2 Kc6 38. Na3 Rd8 39. Kc1 b5 40. Nf3 h6 41. Nc2 Ra8 42. Nfd4+ Kb6 (42... Bxd4 $5 43. Nxd4+ Kd5 $11) 43. Kb2 Rd8 44. Nb3 Be7 45. Ncd4 {aiming for Nxf5!} Bd6 $2 {[#]} (45... Bf6 $1 $14) 46. Nc5 $1 $18 {[%mdl 512]} Bxc5 47. bxc5+ {[%mdl 4096] Endgame KRB-KRN} Ka7 48. Nxb5+ Kb8 49. Nd6 Rg8 $2 (49... Kc7 50. Nxe4 fxe4 51. Rxe4 Kc6 52. Re6+ Kxc5 53. Rxh6 Kc4 54. Rxh5 Rd2+ 55. Ka3 Rd3) 50. Nxe4 fxe4 {KR-KR} 51. c4 Kc7 52. Kc3 $1 {[%cal Rc3d4]} Kc6 53. Kd4 Rd8+ 54. Kxe4 Kxc5 55. Rb3 Rd7 56. Rc3 Rd2 57. Kf5 Kb4 58. Rc1 Rg2 59. Kg6 Rxg3+ 60. Kxh5 Rf3 61. Kxh6 Rxf4 62. Kg5 Rf2 63. h5 $2 ({White must play} 63. c5 $18 Rg2+ 64. Kh6) 63... Rg2+ $2 ({Black should try} 63... Kc5 $1 $11) 64. Kf6 $2 ({White should play} 64. Kh6 $16) 64... Rf2+ $2 (64... Rh2 $11) 65. Kg6 Rg2+ 66. Kf6 Rf2+ 67. Kg7 $1 Rg2+ 68. Kh7 Kc5 {[#]} 69. h6 $2 (69. Rb1 $1 $18 {[%cal Rb1b7]} b6 70. Rb5+ Kc6 71. Rb1) 69... b6 $2 {[%mdl 8192] [#]} (69... Re2 $11) 70. Kh8 $2 (70. Rb1 $1 $18 {[%cal Rb1c1]} Rg4 71. Rc1) 70... Rg6 $11 71. h7 Rg2 72. Rb1 {Rb5+ is the strong threat.} Rg4 $2 {[%mdl 8192]} (72... Rg6 $11) 73. Rb5+ Kc6 74. Rf5 Rxc4 75. Kg7 Rh4 76. Rf6+ {Accuracy: White = 64%, Black = 43%.} 1-0